Personal characteristics and job satisfaction
Modely zamestnaneckej spokojnosti. Osobné vlastnosti a zamestnanecká spokojnosť: pohlavie, vzdelanie, vek. Osobnosť zamestnanca a zamestnanecká spokojnosť. Prieskum zamestnaneckej spokojnosti v Českej republike. Metódy: účastníci, meranie spokojnosti. Výsledky.
Saved in:
| Main Author: | |
|---|---|
| Other Authors: | |
| Format: | Book Chapter |
| Language: | English |
| Subjects: | |
| Tags: |
No Tags, Be the first to tag this record!
|
MARC
| LEADER | 00000naa$a2200000$$$4500 | ||
|---|---|---|---|
| 001 | 0089624 | ||
| 005 | 20231107072532.6 | ||
| 041 | 0 | |a eng | |
| 044 | |a CZ | ||
| 245 | 1 | 0 | |a Personal characteristics and job satisfaction |c Marek Franěk, Jakub Večeřa |
| 520 | |a Modely zamestnaneckej spokojnosti. Osobné vlastnosti a zamestnanecká spokojnosť: pohlavie, vzdelanie, vek. Osobnosť zamestnanca a zamestnanecká spokojnosť. Prieskum zamestnaneckej spokojnosti v Českej republike. Metódy: účastníci, meranie spokojnosti. Výsledky. | ||
| 610 | 2 | 0 | |a dotazníky |
| 610 | 2 | 0 | |a spokojnosť v práci |
| 610 | 2 | 0 | |a zamestnanci |
| 610 | 2 | 0 | |a práca |
| 100 | 1 | |a Franěk, Marek | |
| 700 | 1 | |a Večeřa, Jakub | |